Quizzes
Events
Quiz Creation
Community
Videos
Private Events
Remove Ads
Sign In
Join for FREE
Feedback
Dark Mode
Quiz Categories
Sports
Geography
Music
Movies
Television
Just For Fun
Miscellaneous
History
Literature
Language
Science
Gaming
Entertainment
Religion
Holiday
For Kids
Quiz Lab
Recent
Popular Today
Quiz Kudos Today
Editor Picks
Curator Picks
Quizzes by...
Day
Popularity
Type
Ratings
Length
Year
Community
Subscriptions
Recent Discussions
Orange Saloon
Badges
Playlists
Quests
Create
Leaderboards
Showdown
Live 5
Trivia Bingo
Activity
Puzzle Library
Sporcle Events
Private Events
Virtual Trivia
Globe League
Become a Host
Pub Owners
SporcleCon
Opinionation
Our Games
Videos
Blog
Mobile Apps
Partnerships
Remove Ads and Go Orange
Feedback
Language
Vocabulary
Begins and Ends
Definition
Spanish
French
German
Italian
Chinese
Latin
Translation
Japanese
Language
Vocabulary
Begins and Ends
Definition
Spanish
French
German
Italian
Chinese
Latin
Translation
Japanese
Random Quiz
Search Sporcle
×
Quiz Lab
Quiz Lab
Language
Celebrity
Type in answers that appear in a list
Type in answers that appear in a list
Classic
Best Score? Go Orange.
Celebrity Verbs Stats
Can you name the celebrities whose last names are verbs?
By
Calaveras
6m
22 Questions
359 Plays
359 Plays
359 Plays
Comments
Comments
Give Quiz Kudos
Give Quiz Kudos
-
- Ratings
hide this ad
More Info
Replay
Link that replays current quiz
Next Quiz
Link to next quiz in quiz playlist
You Got
0%
They Got
Avg Score
32%
Avg Friend Score
Upgrade to see
Score Distribution
Jump to the score distribution portion of the page
Score
0/22
Timer
06:00
0
Plays Today
Clue
Celebrity
% Correct
Oscar winner presses his shirt
Jeremy Irons
76.6%
Pop princess impales
Britney Spears
66%
Beau's brother spans the gap
Jeff Bridges
54.3%
Diddy fixes his hair
Sean Combs
50.7%
African-
American model turns her plane
Tyra Banks
45.1%
Alternative rocker does origami
Ben Folds
42.9%
'Oh, God!' star smolders
George Burns
37.6%
'Landslide' singer cuts
Stevie Nicks
37.3%
'Fallin'' singer vandalizes a car
Alicia Keys
37%
The Killers frontman blossoms
Brandon Flowers
29.5%
Pink Floyd founder tends to his lawn
Roger Waters
28.7%
Clue
Celebrity
% Correct
'Lean on Me' singer shrivels
Bill Withers
27.6%
'One from the Heart' composer bides his time
Tom Waits
26.2%
Howard Stern's co-
host trembles
Robin Quivers
25.3%
Former SF Giants player joins together
Barry Bonds
24.5%
'The Producers' writer tolerates
Mel Brooks
24.2%
Former Calvin Klein jeans model protects
Brooke Shields
24%
'My Little Chickadee' star catches the ball
W.C. Fields
15.9%
Tom's sibling and comedy partner suffocates
Dick Smothers
15.3%
Former Miss America host leaves his car
Bert Parks
8.4%
'Knots Landing' star grinds wheat
Donna Mills
7.8%
Golden Age director hunts with a falcon
Howard Hawks
7%
Quiz Playlist
Details
Report
Send in Message
Add To Playlist
More Info:
Name the celebrity who matches the clue. Example: "Rain Man star and his daughter take a leisurely boat ride" = "Tom and Suri Cruise"
Classic:
Type in answers that appear in a list
Last Updated: Feb 16, 2017
Quiz Scoreboard
CHALLENGE
Sign Up to Join the Scoreboard
Show All
Scores
Hide
Comments
May contain spoilers
Recently Published
Billboard Blitz: Fleetwood Mac
by CooCooCachoo
Music
15s
Presidents Visiting Landmarks
by Hejman
History
7m
An Introduction to Baseball
by treessimontrees
Sports
5m
More to Explore
Quiz From the Vault
Featured Blog Post
Where Did the Easter Bunny Come From?
hide this ad
You Might Also Like...
Tags
Celebrity Quiz
last
Verb
Today's Top Quizzes in Language
Browse Language
hide this ad
Today's Top Quizzes in Celebrity
Browse Celebrity
Top Contributed Quizzes in Language
1
1-10 Letter F Words III
2
1-10 Letter G Words III
3
Order Up: Top 10 Most Native Spoken Languages
4
1-10 Letter H Words III
5
One Thing in Common: Italy
6
1-10 Letter I Words III
7
Weisst du, aus welchen Sprachen diese Wörter stammen?
8
1-10 Letter J Words III
9
Celtic Nations in their Language
10
1-10 Letter K Words III
Explore More
Trending Topics
Crossword
NBA
Disney
Anime
Harry Potter
Kpop
Marvel
Puzzle
Country
Soccer
The Office
NFL
Pokémon
Song
WWE
hide this ad
More By:
Calaveras
Quiz
Plays
Rating
Category
Featured
Created
Cartoon Silhouettes
870,987
4.66
Television
Jun 14, 2010
Pixar Silhouettes
141,411
4.44
Movies
Jun 14, 2010
Fictional Foods
140,173
4.35
Entertainment
Oct 10, 2010
Movie by Alien
69,682
4.56
Movies
Jul 29, 2010
Cartoon Silhouettes Duos
54,037
4.42
Television
Jul 18, 2010
Go to Creator's Profile
Score Distribution
Quiz Creator Spotlight
Calaveras
Follow
Send a Message
Quizzes Created
-
Created Quiz Play Count
-
More By This Creator
Popular Quizzes Today
1
Find the US States - No Outlines Minefield
2
Find the Countries of Europe - No Outlines Minefield
3
The Countries of the World
4
Find the US States
5
Popular People in 1961
6
US States
7
Risky Map Clicking: Biggest States A-Z
8
Movies - When Are They Set?
More Language Quizzes
Russian Speaking Countries
Published
Trending Quizzes
Risky Map Clicking: Least Populous States A-Z
1-10 Letter G Words
1-10 Letter F Words
Risky Map Clicking: Next State Alphabetically
'A' Boys' Names Grid
Recently Updated
Leaping Animals
pecheneg
Reality TV Shows (A-Z)
bhenderson79
Rickey Henderson's Hall of Fame Teammates
pecheneg
Champions League XIs: Arsenal
pecheneg
Quick Pick: Celebrities in WWE's Hall of Fame
aduchscher
A-Z Keypad Blitz II
pecheneg
Multiple Oscar Actors
pecheneg
Mystery Phrase Blitz: Oscar 'Best Actors'
pecheneg
F. Scott Fitzgerald Novels
LTH
Pick 3 Villains
ddd62291
Trending Topics
Marvel
Anime
NBA
Harry Potter
Disney
Crossword
Kpop
WWE
Soccer
Puzzle
NFL
The Office
Pokémon
Song
Country
Your Account Isn't Verified!
In order to create a playlist on Sporcle, you need to verify the email address you used during registration. Go to your
Sporcle Settings
to finish the process.
Report this User
Report this user for behavior that violates our
Community Guidelines
.
Details:
Send Report
Go to the Sporcle.com Mobile Site →
Comments